Syntaxe latine

Guardat en:
Dades bibliogràfiques
Autors principals: Ernout, Alfred (Autor), Thomas, Francois (Autor)
Format: Llibre
Idioma:francès
llatí
Publicat: París Librairie C. Klincksieck 1953
Edició:2a. ed
Col·lecció:Nouvelle Collection a l'Usage des Classes
Matèries:
Etiquetes: Afegir etiqueta
Sense etiquetes, Sigues el primer a etiquetar aquest registre!

MARC

LEADER 00000nam a2200000 a 4500
001 UCM7093
003 CL-VaPUC
008 021129e19530000FR |||||||||||||||||fre|d
041 0 7 |a fre  |2 CL-VaPUC 
041 0 7 |a lat  |2 CL-VaPUC 
082 0 4 |a 475  |b ERN  |2 21 
100 0 |a Ernout, Alfred  |e author  |9 472817 
700 0 |a Thomas, Francois  |e author  |9 472818 
245 1 0 |a Syntaxe latine 
250 |a 2a. ed 
300 |a 522 p 
942 |c BK 
945 |d 20021129 00:00:00  |a cmena 
260 |a París  |b Librairie C. Klincksieck  |c 1953 
650 0 |a Latín   |9 269544 
650 0 |a Sintaxis  |9 318843 
650 0 |a Lenguas itálicas   |9 351215 
650 7 |a LENGUAS MUERTAS  |2 CL-VaPUC  |9 351216 
650 0 |a Gramática  |9 270497 
650 0 |a Semántica  |9 265318 
583 |a last modification  |c 20021129 00:00:00  |k Rodrigo Vera 
490 0 |a Nouvelle Collection a l'Usage des Classes 
999 |c 302128  |d 302126 
952 |0 0  |1 0  |4 0  |6 475_000000000000000_ERN_1953  |7 0  |8 DER_ROM  |9 362173  |a BIBDER  |b BIBDER  |d 2019-11-21  |i 3865231  |o 475 ERN 1953  |p 3865231  |r 2023-01-25  |w 2019-11-21  |x Ubicación 4to piso  |y BK_F  |z Este recurso debe solicitarse con anticipación  |k DER